00712nam a2200181 a 450000100100000000500170001000800410002704000250006808200150009310000390010824501000014726000820024730000200032949000220034983000290037195201130040099900170051300002968920200930055731.0110425s1991 dr 000 0 spa d aDO-SdBNPbspacBNPHU axxxbA728i1 aArmenteros Ruis, J. Enrique95648810aImpacto del sector empresarial en la conservación del ambiente /cJ. Enrique Armenteros Ruis. aSanto Domingo :bFundación para el mejoramiento Humano (PROGRESSIO),c1991. a24 p. ;c22 cm.1 aPROGRESSIOvno. 3 0aPROGRESSIOnno. 3956489 0010718PDaPDbPDcCTd2011-04-25iLF1l0oxxx A728ip29689-10r2020-06-25w2020-06-25yLFPDZNo se presta c29181d29181